01124nam a2200265 a 4500001001000000005001700010041000800027044000800035084002100043100004500064245007200109260007400181300004800255500005400303500004800357500013100405500001100536546002400547650005200571650005600623650003400679650004500713700005000758740005000808BRCA_338120190320204243.0 aeng aenk a670b.D468c19021 aCervantes Saavedra, Miguel ded1547-161610aThe Adventures of Don Quixote of la ManchacBy Miguel de Cervantes. aLondres : Nueva YorkbJ. M. Dent and Co. : E. P. Dutton and Co.c1902 a1 v. en 2 partes (xxi, 532 p.)bil.c20 cm. aContenido : Prólogo del editor. Texto abreviado aEdición : Illustrated by W. Heat Robinson aEjemplar por completo igual al anterior [669]. Tela; lomo y planos adornados con asuntos quijotescos en color Lúdovik Osterc aQM1380 aTexto en : inglés14aNovela españolayÉpoca clásica, 1500-170014aLiteratura españolayÉpoca clásica, 1500-170014aNovela españolaySiglo XVII14aDon Quijote (Personaje ficticio)eNovela1 aRobinson, William Heatd1872-1944eIlustrador0 aEl Ingenioso Hidalgo Don Quijote de la Mancha